Wpisz wszystkie rzadkie postacie z brawl stars - Statystyki

Ogólne statystyki
  • Ten quiz został rozwiązany 44 razy
  • Średni wynik to 7 z 8
Statystyki odpowiedzi
# Odpowiedź % Poprawnych
. Rosa
92%
. Colt
90%
. Poco
90%
. El primo
87%
. Barley
85%
. Bull
82%
. Nita
82%
. Brock
79%
Nie znaleziono quizów pasujących do podanych kryteriów
Rozkład punktacji
Procent ludzi z każdym wynikiem
Percentyl według liczby udzielonych odpowiedzi
Twoja historia wyników
Nie rozwiązałeś tego quizu